Court Memoirs of France Series — Complete (Record no. 233229)
[ view plain ]
| 000 -LEADER | |
|---|---|
| fixed length control field | 01413cam a22002773a 4500 |
| 001 - CONTROL NUMBER | |
| control field | 3900 |
| 003 - CONTROL NUMBER IDENTIFIER | |
| control field | PGUSA |
| 005 - DATE AND TIME OF LATEST TRANSACTION | |
| control field | 20140828083040.0 |
| 008 - FIXED-LENGTH DATA ELEMENTS--GENERAL INFORMATION | |
| fixed length control field | 041027s2004||||xxu|||||s|||||000 | eng d |
| 040 ## - CATALOGING SOURCE | |
| Original cataloging agency | PGUSA |
| Language of cataloging | eng |
| 042 ## - AUTHENTICATION CODE | |
| Authentication code | dc |
| 050 #4 - LIBRARY OF CONGRESS CALL NUMBER | |
| Classification number | DC |
| 245 10 - TITLE STATEMENT | |
| Title | Court Memoirs of France Series — Complete |
| Medium | [electronic resource] / |
| Statement of responsibility, etc | Various |
| 260 ## - PUBLICATION, DISTRIBUTION, ETC. (IMPRINT) | |
| Name of publisher, distributor, etc | Project Gutenberg, |
| Date of publication, distribution, etc | 2004 |
| 505 0# - FORMATTED CONTENTS NOTE | |
| Formatted contents note | Memoirs of Marguerite de Valois, Queen of Navarre -- Memoirs of Jean François Paul de Gondi, Cardinal de Retz -- Memoirs of Madame la Marquise de Montespan -- Memoirs of the Court of Louis XIV. and of the Regency, by the Duchesse d'Orleans -- Memoirs of Louis XIV. and his Court, and of the Regency, by the Duke of Saint-Simon -- Memoirs of Louis XV. and XVI., by Madame du Hausset -- Memoirs of the Court of Marie Antoinette, by Madame Campan -- Memoirs of the Court of St. Cloud, by Stewarton. |
| 506 ## - RESTRICTIONS ON ACCESS NOTE | |
| Terms governing access | Public domain in the USA. |
| 516 ## - TYPE OF COMPUTER FILE OR DATA NOTE | |
| Type of computer file or data note | Electronic text |
| 653 ## - INDEX TERM--UNCONTROLLED | |
| Uncontrolled term | France -- History -- Consulate and First Empire, 1799-1815 |
| 653 ## - INDEX TERM--UNCONTROLLED | |
| Uncontrolled term | Pompadour, Jeanne Antoinette Poisson, marquise de, 1721-1764 |
| 653 ## - INDEX TERM--UNCONTROLLED | |
| Uncontrolled term | France -- Court and courtiers |
| 653 ## - INDEX TERM--UNCONTROLLED | |
| Uncontrolled term | Marie Antoinette, Queen, consort of Louis XVI, King of France, 1755-1793 |
| 653 ## - INDEX TERM--UNCONTROLLED | |
| Uncontrolled term | Louis XIV, King of France, 1638-1715 |
| 830 #0 - SERIES ADDED ENTRY--UNIFORM TITLE | |
| Uniform title | Project Gutenberg |
| Volume number/sequential designation | 3900 |
| 856 40 - ELECTRONIC LOCATION AND ACCESS | |
| Uniform Resource Identifier | <a href="http://www.gutenberg.org/ebooks/3900">http://www.gutenberg.org/ebooks/3900</a> |
| 942 ## - ADDED ENTRY ELEMENTS (KOHA) | |
| Koha item type | eBooks |
| Withdrawn status | Lost status | Damaged status | Home library | Current library | Date acquired | Total Checkouts | Date last seen | Price effective from | Koha item type |
|---|---|---|---|---|---|---|---|---|---|
| Project Gutenberg | Project Gutenberg | 08/28/2014 | 08/28/2014 | 08/28/2014 | eBooks |